BIBLIOTECA

SENCICO

Buena tierra : apuntes para el diseño y construcción con adobe : consideraciones sismo resistentes (Registro nro. 1959)

Detalles MARC
000 -LEADER
fixed length control field 00454nam a2200169Ia 4500
005 - DATE AND TIME OF LATEST TRANSACTION
control field 20251020182527.0
008 - FIXED-LENGTH DATA ELEMENTS--GENERAL INFORMATION
fixed length control field 200515s9999 xx 000 0 und d
082 ## - DEWEY DECIMAL CLASSIFICATION NUMBER
Classification number 693.931(85)/T33
245 #0 - TITLE STATEMENT
Title Buena tierra : apuntes para el diseño y construcción con adobe : consideraciones sismo resistentes
260 ## - PUBLICATION, DISTRIBUTION, ETC.
Place of publication, distribution, etc. Lima
260 ## - PUBLICATION, DISTRIBUTION, ETC.
Date of publication, distribution, etc. 2001
300 ## - PHYSICAL DESCRIPTION
Extent TEJADA SCHMIDT, Urbano
500 ## - GENERAL NOTE
General note 1 ejemplar
650 ## - SUBJECT ADDED ENTRY--TOPICAL TERM
Topical term or geographic name entry element ADOBE
650 ## - SUBJECT ADDED ENTRY--TOPICAL TERM
Topical term or geographic name entry element LIB
942 ## - ADDED ENTRY ELEMENTS (KOHA)
Koha item type Libros
Existencias
Fecha de la última vez que lo usaron Pago total Signatura topográfica completa Código de barras Precio efectivo desde Tipo de documento Estado perdido Estado dañado No es para préstamo Retirado Ubicación permanente Ubicación actual Fecha de adquisición
15/05/2020   693.931(85)/T33 Bib-Lima15051959 15/05/2020 Libros         Biblioteca Central Lima Biblioteca Central Lima 15/05/2020